000 00429cam a2200169ua 4500
003 OSt
008 250823b |||||||| |||| 00| 0 eng d
041 _aeng
082 _a627.83
_bSOW/EA
100 _aSowers, George.F .
_97743
245 _aEarth and rock fill dam engineering /
250 _a1 /
260 _aMumbai :
_bAsia Publishing House ,
_c1962.
300 _a283 ; .
700 1 _aSally, H.L .
_97744
942 _cBK
999 _c1566
_d1566